000 00706nam a2200265Ia 4500
005 20260302114827.0
008 008 260114s9999 xx 000 0 eng d
020 _a9781501361975
037 _aTextbook
040 _aCRL
040 _beng
040 _cCRL
041 _2eng
041 _aeng
084 _qCRL
100 _aJeffrey R. Di Leo and Christian Moraru
_91119882
245 4 _aThe Bloomsbury Handbook of World Theory
260 _bBloomsbury
260 _bBloomsbury Academic
260 _c2021
650 _aLiterary Studies
856 _uhttps://doi.org/10.5040/9781501361975?locatt=label:secondary_bloomsburyCollections
942 _cEBOOK
999 _c1683981
_d1683981